[Event "Sydney Open 2019"]
[Site "Sydney"]
[Date "2019.04.24"]
[Round "1.1"]
[White "McGowan, Cameron"]
[Black "Kunte, Abhijit"]
[Result "0-1"]
[WhiteElo "2085"]
[BlackElo "2485"]
[Annotator "ChessBase"]
[PlyCount "64"]
[EventDate "2019.04.24"]
[EventType "swiss"]
[EventCountry "AUS"]
[SourceTitle "playchess.com"]
[Source "ChessBase"]
[SourceQuality "1"]
[TimeControl "5400+30"]

1. e4 {[%emt 0:00:00]} c5 {[%emt 0:00:00]} 2. Nf3 {[%emt 0:00:00]} e6 {[%emt 0:00:00]} 3. c3 {[%emt 0:00:00]} Nf6 {[%emt 0:00:14]} 4. e5 {[%emt 0:00:00]} Nd5 {[%emt 0:00:06]} 5. Bc4 {[%emt 0:00:00]} d6 {[%emt 0:00:49]} 6. d4 {[%emt 0:01:06]} cxd4 {[%emt 0:00:13]} 7. cxd4 {[%emt 0:00:35]} Be7 {[%emt 0:00:26]} 8. O-O {[%emt 0:00:26]} O-O {[%emt 0:00:11]} 9. Qe2 {[%emt 0:00:15]} b6 {[%emt 0:03:08]} 10. Nc3 {[%emt 0:04:25]} Nxc3 {[%emt 0:00:16]} 11. bxc3 {[%emt 0:00:06]} Bb7 {[%emt 0:00:05]} 12. Bf4 {[%emt 0:03:14]} Qc7 {[%emt 0:06:52]} 13. exd6 {[%emt 0:11:00]} Bxd6 {[%emt 0:00:06]} 14. Bxd6 {[%emt 0:00:13]} Qxd6 {[%emt 0:00:07]} 15. Ne5 {[%emt 0:00:45]} Nd7 {[%emt 0:00:13]} 16. f4 {[%emt 0:02:04]} Rac8 {[%emt 0:00:57]} 17. Rac1 {[%emt 0:02:32]} Rc7 {[%emt 0:03:42]} 18. Bd3 {[%emt 0:10:30]} g6 {[%emt 0:03:27]} 19. Ng4 {[%emt 0:16:39]} Rxc3 {[%emt 0:09:10]} 20. Qe3 {[%emt 0:20:43]} Rxc1 {[%emt 0:03:13]} 21. Rxc1 {[%emt 0:00:21]} h5 {[%emt 0:02:06]} 22. Ne5 {[%emt 0:09:05]} Rc8 {[%emt 0:02:44]} 23. Rxc8+ {[%emt 0:02:44]} Bxc8 {[%emt 0:00:06]} 24. f5 {[%emt 0:02:46]} exf5 {[%emt 0:00:46]} 25. Bxf5 {[%emt 0:02:41]} Nxe5 {[%emt 0:00:08]} 26. Bxc8 {[%emt 0:00:29]} Nc6 {[%emt 0:00:08]} 27. d5 {[%emt 0:03:11]} Ne7 {[%emt 0:00:07]} 28. Bb7 {[%emt 0:00:55]} Nxd5 {[%emt 0:00:09]} 29. Qd4 {[%emt 0:00:46]} Qe7 {[%emt 0:00:06]} 30. Ba6 {[%emt 0:00:45]} Qe1+ {[%emt 0:00:07]} 31. Bf1 {[%emt 0:00:02]} Ne3 {[%emt 0:00:08]} 32. Qd8+ {[%emt 0:02:01]} Kh7 {[%emt 0:00:05]} 0-1

[Event "Sydney Open 2019"]
[Site "Sydney"]
[Date "2019.04.24"]
[Round "2.1"]
[White "Kunte, Abhijit"]
[Black "Steadman, Michael V R"]
[Result "1-0"]
[WhiteElo "2485"]
[BlackElo "2258"]
[Annotator "ChessBase"]
[PlyCount "61"]
[EventDate "2019.04.24"]
[EventType "swiss"]
[EventCountry "AUS"]
[SourceTitle "playchess.com"]
[Source "ChessBase"]
[SourceQuality "1"]
[TimeControl "5400+30"]

1. d4 Nf6 2. Nf3 g6 3. g3 Bg7 4. Bg2 O-O 5. O-O d6 6. c4 c5 7. Nc3 a6 8. h3 {[%emt 1:34:00]} Nc6 {[%emt 1:34:00]} 9. dxc5 {[%emt 0:00:30]} dxc5 {[%emt 0:00:30]} 10. Be3 {[%emt 0:00:30]} Qa5 {[%emt 0:00:30]} 11. Nd2 {[%emt 0:00:30]} Nd4 {[%emt 0:00:30]} 12. Nd5 {[%emt 0:00:30]} Nxd5 {[%emt 0:00:30]} 13. cxd5 {[%emt 0:00:30]} Nf5 {[%emt 0:00:30]} 14. Bf4 {[%emt 0:00:30]} b5 {[%emt 0:00:30]} 15. e4 {[%emt 0:00:30]} Nd4 {[%emt 0:00:30]} 16. e5 {[%emt 0:00:30]} Bb7 {[%emt 0:00:30]} 17. Nb3 {[%emt 0:00:30]} Nxb3 {[%emt 0:00:30]} 18. axb3 {[%emt 0:00:30]} Qb6 {[%emt 0:00:30]} 19. Qe2 {[%emt 0:00:30]} a5 {[%emt 0:00:30]} 20. Qe3 {[%emt 0:00:30]} Rfd8 {[%emt 0:00:30]} 21. Rfd1 {[%emt 0:00:30]} Ra6 {[%emt 0:00:30]} 22. Rac1 {[%emt 0:00:30]} Rc8 {[%emt 0:00:30]} 23. e6 {[%emt 0:00:30]} Qa7 {[%emt 0:00:30]} 24. d6 {[%emt 0:00:30]} Bxg2 {[%emt 0:00:30]} 25. d7 {[%emt 0:00:30]} Rd8 {[%emt 0:00:30]} 26. Qxc5 {[%emt 0:00:30]} Qa8 {[%emt 0:00:30]} 27. Qc8 {[%emt 0:00:30]} Bb7 {[%emt 0:00:30]} 28. Qxd8+ {[%emt 0:00:30]} Qxd8 {[%emt 0:00:30]} 29. Bc7 {[%emt 0:00:30]} Ra8 {[%emt 0:00:30]} 30. Bxd8 {[%emt 0:00:30]} Rxd8 {[%emt 0:00:30]} 31. Rc7 {[%emt 0:00:30]} 1-0

[Event "Sydney Open 2019"]
[Site "Sydney"]
[Date "2019.04.24"]
[Round "2.2"]
[White "Fernandez, Daniel Howard"]
[Black "Largo, Bengt"]
[Result "1-0"]
[WhiteElo "2467"]
[BlackElo "2257"]
[Annotator "TA"]
[PlyCount "111"]
[EventDate "2019.04.24"]
[EventType "swiss"]
[EventCountry "AUS"]
[SourceTitle "playchess.com"]
[Source "ChessBase"]
[SourceQuality "1"]

{[%evp 11,111,35,41,34,35,18,31,-35,27,27,33,18,22,29,54,64,51,14,12,-9,0,-37,23,0,0,-3,0,-11,-8,-6,-3,-3,-3,-5,-1,-12,-11,-20,0,0,0,-8,0,0,0,0,0,0,0,0,0,0,0,0,0,0,0,0,0,0,0,0,0,0,0,0,0,0,8,0,0,3,14,10,18,21,17,20,80,79,75,75,104,95,223,39,48,52,231,230,233,233,233,233,997,801,1086,203,29974,29974,29990,29991]} 1. Nf3 g6 2. c4 Bg7 3. Nc3 d6 4. g3 e5 5. d4 Nd7 6. Bg2 Ne7 7. b3 {A41: 1 d4 d6: Tartakower System and Modern Defence} (7. O-O O-O 8. Re1 exd4 9. Nxd4 Ne5 10. Nd5 Nxc4 11. Bg5 f6 12. Bc1 Nf5 13. Nxf5 Bxf5 14. Nf4 Kh8 15. Bxb7 Rb8 {½-½ (105) Fier,A (2562)-Zhang,Z (2641) Dubai 2017}) 7... O-O {Black wants to play ...exd4.} 8. dxe5 $146 ({Predecessor:} 8. O-O exd4 9. Ne4 d3 10. Bg5 h6 11. Bd2 dxe2 12. Qxe2 Nf5 13. Rad1 Re8 14. Rfe1 b6 15. Bc1 Bb7 16. Qc2 Re6 17. Nc3 Bxf3 18. Bxf3 Nd4 19. Qd3 Nc5 {0-1 (19) Milenkovic,M-Todorcevic,M (2415) Cuprija 1986}) 8... dxe5 {Hoping for ...e4!} 9. Qd2 (9. e4 $14) 9... Nf5 (9... e4 $1 $15 10. Nd4 Nc5) 10. Bb2 $11 c6 11. Ne4 Qe7 12. Rd1 Nc5 13. Nxc5 Qxc5 14. O-O (14. e4 $5 {[%cal Re4f5]} Ne7 15. O-O $16) 14... f6 15. g4 e4 16. Nd4 Bh6 (16... Nh4 $15) 17. Qc2 Nxd4 18. Bxd4 Qe7 19. g5 Bxg5 20. Qxe4 Qxe4 21. Bxe4 Re8 22. Bf3 Bf5 23. Kg2 Bc2 24. Ra1 a5 25. e3 a4 26. b4 f5 27. b5 Be4 28. bxc6 bxc6 29. Bxe4 Rxe4 30. Rab1 c5 31. Bxc5 Rxc4 32. Bd4 Rac8 33. Rb7 R8c7 34. Rfb1 Be7 35. Kf3 Kf8 36. Rb8+ Rc8 $1 37. Ke2 Bd6 38. Rxc8+ Rxc8 {[%mdl 4096] Endgame KRB-KRB} 39. Kd3 h5 40. h3 Ke7 41. f3 g5 42. Rb7+ Rc7 43. Rb5 Ke6 $1 44. e4 Rf7 {[#]} (44... fxe4+ $11 {keeps the balance.} 45. fxe4 Be7) 45. Rb6 $1 $16 fxe4+ 46. fxe4 Ke7 47. e5 Bc7 (47... Ba3 $16) 48. Bc5+ $2 ({White should play} 48. Rg6 $18 {And now Bc5+ would win.} Rf3+ 49. Ke4) 48... Kd8 $1 $14 49. Rg6 {Black must now prevent e6.} Rf5 $2 {[#]} (49... Bxe5 $14 50. Rxg5 Bb2) 50. Bd4 $1 $18 Rf3+ 51. Ke4 Rxh3 52. Rxg5 Ra3 $2 (52... h4 53. e6 Bd6) 53. e6 Bd6 54. Kd5 $2 (54. Rg7 {White wants to mate with Rd7+.} Bb4 55. Bf6+ Kc8 56. Be5) 54... Bb4 $2 (54... Rd3 $18 55. Rxh5 (55. Kxd6 Rxd4+ 56. Ke5 Rd2 $11) 55... Rd1 56. Rh8+ (56. Kxd6 Rxd4+ 57. Rd5 Re4 $16) 56... Ke7 57. Rh7+ Ke8) 55. Rg8+ Kc7 56. Be5+ {Accuracy: White = 58%, Black = 37%.} 1-0

[Event "Sydney Open 2019"]
[Site "Sydney"]
[Date "2019.04.24"]
[Round "2.3"]
[White "Ikeda, Junta"]
[Black "Zhang, Jilin"]
[Result "1-0"]
[WhiteElo "2441"]
[BlackElo "2243"]
[Annotator "TA"]
[PlyCount "71"]
[EventDate "2019.04.24"]
[EventType "swiss"]
[EventCountry "AUS"]
[SourceTitle "playchess.com"]
[Source "ChessBase"]
[SourceQuality "1"]

{[%evp 16,71,45,38,43,34,41,29,87,75,133,130,145,107,143,142,133,140,129,138,139,121,144,140,187,192,301,281,300,273,285,56,91,62,60,52,76,12,71,71,90,81,77,72,77,72,78,64,77,54,55,44,90,0,21,5,3,21]} 1. e4 c5 2. Ne2 d6 3. g3 Nf6 4. Bg2 g6 5. O-O Bg7 6. c3 O-O 7. d4 Nbd7 8. h3 Rb8 9. a4 b6 {B06: Modern Defence} 10. Be3 (10. Na3 a6 11. Nc4 Qc7 12. e5 Ne8 13. exd6 Nxd6 14. Bf4 cxd4 15. Nxd6 exd6 16. cxd4 Nf6 17. Rc1 {½-½ (26) Tazbir,M (2524)-Dragun,K (2561) Hucisko 2016}) 10... Bb7 11. d5 $146 ({Predecessor:} 11. Nd2 a6 12. f4 e6 {½-½ (12) Dolezal,R (2379)-Michalek,J (2322) Tabor 2011}) 11... Ba6 {[#]} (11... Re8 $11) 12. Na3 $1 $16 Bxe2 (12... e6 $142) 13. Qxe2 Ne8 14. h4 Nc7 15. h5 a6 16. Nc4 Ne5 17. Nxe5 Bxe5 18. f4 Bf6 19. g4 e5 20. dxe6 Nxe6 (20... fxe6 $142 21. hxg6 hxg6) 21. g5 $18 ({Less strong is} 21. Qxa6 g5 $16) 21... Be7 22. Qg4 d5 23. exd5 $2 (23. hxg6 $18 hxg6 24. exd5) 23... Ng7 $1 $14 24. hxg6 fxg6 25. Rae1 Bd6 26. Be4 (26. Bh3 $16) 26... Qe7 (26... Qc7 $11 {remains equal.}) 27. Bd3 $16 Qb7 28. c4 Rbe8 29. Bd2 Rxe1 30. Rxe1 Qc7 {[%cal Rd6f4]} 31. Rf1 b5 32. b3 bxa4 33. bxa4 Qb8 {[#]} 34. Bc3 (34. a5 $1 $16) 34... Rxf4 35. Qd7 {[%csl Gc3][%cal Rd7g7]} Rxf1+ 36. Kxf1 {[%mdl 32768] Accuracy: White = 66%, Black = 55%. . Sensor Board Error (Ke4/e5)?} 1-0

[Event "Sydney Open 2019"]
[Site "Sydney"]
[Date "2019.04.24"]
[Round "2.4"]
[White "Gong, Daniel Hanwen"]
[Black "Dale, Ari"]
[Result "1/2-1/2"]
[WhiteElo "2246"]
[BlackElo "2372"]
[Annotator "ChessBase"]
[PlyCount "73"]
[EventDate "2019.04.24"]
[EventType "swiss"]
[EventCountry "AUS"]
[SourceTitle "playchess.com"]
[Source "ChessBase"]
[SourceQuality "1"]
[TimeControl "5400+30"]

1. e4 {[%emt 0:00:00]} Nf6 {[%emt 0:00:00]} 2. e5 {[%emt 0:00:00]} Nd5 {[%emt 0:00:00]} 3. d4 {[%emt 0:00:00]} d6 {[%emt 0:00:00]} 4. c4 {[%emt 0:00:00]} Nb6 {[%emt 0:00:04]} 5. exd6 {[%emt 0:00:00]} exd6 {[%emt 0:00:05]} 6. Nc3 {[%emt 0:01:30]} Nc6 {[%emt 0:00:14]} 7. Be3 {[%emt 0:00:04]} Be7 {[%emt 0:00:32]} 8. Bd3 {[%emt 0:00:11]} O-O {[%emt 0:00:58]} 9. Nge2 {[%emt 0:00:05]} Nb4 {[%emt 0:01:48]} 10. b3 {[%emt 0:00:21]} Nxd3+ 11. Qxd3 {[%emt 0:00:03]} c6 {[%emt 0:10:53]} 12. O-O {[%emt 0:01:42]} d5 {[%emt 0:01:38]} 13. c5 {[%emt 0:01:22]} Nd7 {[%emt 0:00:04]} 14. b4 {[%emt 0:00:13]} Re8 {[%emt 0:01:36]} 15. b5 {[%emt 0:04:49]} Nf6 {[%emt 0:03:51]} 16. Ng3 {[%emt 0:05:26]} b6 {[%emt 0:24:47]} 17. bxc6 {[%emt 0:09:24]} Qc7 {[%emt 0:00:15]} 18. cxb6 {[%emt 0:16:19]} Qxc6 {[%emt 0:00:20]} 19. Rfc1 {[%emt 0:03:02]} Qxb6 {[%emt 0:02:06]} 20. Rab1 {[%emt 0:00:42]} Qa5 {[%emt 0:04:00]} 21. Nb5 {[%emt 0:17:07]} Ba6 {[%emt 0:04:45]} 22. Qd2 {[%emt 0:00:58]} Qxd2 {[%emt 0:08:42]} 23. Bxd2 {[%emt 0:00:04]} Bxb5 {[%emt 0:02:03]} 24. Rxb5 {[%emt 0:00:04]} Bf8 {[%emt 0:06:08]} 25. Rb7 {[%emt 0:11:44]} Re7 {[%emt 0:01:52]} 26. Rxe7 {[%emt 0:06:29]} Bxe7 {[%emt 0:00:18]} 27. Nf5 {[%emt 0:00:24]} Bd8 {[%emt 0:02:17]} 28. Bf4 {[%emt 0:04:36]} Nd7 {[%emt 0:06:15]} 29. Ne3 {[%emt 0:02:20]} Bf6 {[%emt 0:05:34]} 30. Nxd5 {[%emt 0:01:45]} Bxd4 {[%emt 0:01:12]} 31. Ne7+ {[%emt 0:00:04]} Kf8 {[%emt 0:00:40]} 32. Nc6 {[%emt 0:00:06]} Bb6 {[%emt 0:02:55]} 33. Bd6+ {[%emt 0:00:35]} Kg8 {[%emt 0:00:04]} 34. Nb8 {[%emt 0:00:40]} Nc5 {[%emt 0:02:43]} 35. a4 {[%emt 0:02:59]} h6 {[%emt 0:02:05]} 36. a5 {[%emt 0:00:04]} Ne4 {[%emt 0:00:05]} 37. axb6 {[%emt 0:00:03]} 1/2-1/2

[Event "Sydney Open 2019"]
[Site "Sydney"]
[Date "2019.04.24"]
[Round "2.5"]
[White "Nakauchi, Gene"]
[Black "Padmini, Rout"]
[Result "0-1"]
[WhiteElo "2221"]
[BlackElo "2364"]
[Annotator "TA"]
[PlyCount "118"]
[EventDate "2019.04.24"]
[EventType "swiss"]
[EventCountry "AUS"]
[SourceTitle "playchess.com"]
[Source "ChessBase"]
[SourceQuality "1"]

{[%evp 16,118,25,7,22,14,42,8,7,6,18,-8,0,0,0,0,0,0,0,0,0,-37,-46,-43,-48,-144,-148,-146,-88,-87,-83,-83,-81,-101,-105,-83,-70,-106,-107,-105,-116,-110,-107,-107,-92,-99,-99,-100,-91,-108,-91,-168,-195,-484,-484,-497,-456,-527,-326,-311,-299,-265,-234,-486,-348,-8769,-8133,-5595,-4321,-29962,-29964,-29965,-29966,-29968,-29969,-29968,-29970,-29970,-29971,-29971,-29972,-29974,-29971,-29971,-29972,-29972,-29973,-29973,-29974,-29974,-29975,-29975,-29976,-29976,-29977,-29980,-29979,-29978,-29979,-29982,-29980,-29980,-29981,-29976,-29977]} 1. e4 e5 2. Nf3 Nc6 3. Bb5 Nf6 4. O-O Nxe4 5. d4 Nd6 6. Bxc6 dxc6 7. dxe5 Nf5 8. Qxd8+ Kxd8 9. h3 Be7 {C67: Ruy Lopez: Berlin Defence: 4 0-0 Nxe4} (9... Ke8 10. Nc3 h5 11. Ne2 b6 12. Bg5 c5 13. Nc3 Bb7 14. Rfd1 Bxf3 15. gxf3 c6 16. Rd3 Be7 17. Ne4 Rd8 18. Rad1 Rxd3 19. Rxd3 Bxg5 20. Nxg5 {½-½ (33) Vachier Lagrave,M (2781)-Nakamura,H (2746) London 2018}) 10. Nc3 h6 11. g4 Nh4 {The position is equal.} 12. Nxh4 Bxh4 13. f4 h5 14. f5 g6 $146 ({Predecessor:} 14... hxg4 15. hxg4 b6 16. Bf4 Be7 17. Kg2 Bb7 18. g5 {½-½ (30) Liu,X (2423)-Pimentel,J (2264) Olongapo City 2015}) 15. Ne4 {And now fxg6 would win.} hxg4 16. hxg4 gxf5 17. gxf5 Rh5 18. e6 fxe6 19. f6 {Strongly threatening f7.} Ke8 $1 {[%cal Re8f7] Threatens to win with ...Kf7.} 20. Kg2 (20. f7+ $15 Kf8 21. b3) 20... Kf7 $17 21. Rh1 {Ng3 is the strong threat.} Bd7 ({Black should play} 21... e5 $1 22. Ng3 Rh8) 22. Bg5 Rah8 $1 ({Weaker is} 22... Rg8 23. Kf3 $16) 23. Rad1 Be8 24. Bxh4 Rxh4 25. Rxh4 Rxh4 {[%mdl 4096] Endgame KRB-KRN} 26. Kf3 {[#]} c5 $1 {[%mdl 512] aiming for ...Bc6.} 27. Ke3 {With the idea Rg1.} (27. Nxc5 Rc4) 27... Bc6 28. Nxc5 Kxf6 29. Nd3 e5 30. Rf1+ Ke6 31. Nf2 Rc4 32. c3 Ra4 33. Nd3 (33. a3 $17) 33... Rxa2 $19 34. Nb4 $2 (34. Rb1) 34... Rxb2 35. Nxc6 bxc6 {KR-KR} 36. Ra1 Rb7 37. Ke4 Kd6 38. Ra6 Kc5 39. Kxe5 $2 (39. Ra4) 39... Rb3 40. Rxa7 $2 (40. Ra5+ Kb6 41. Ra1) 40... Rxc3 ({Not} 40... Kb6 41. Ra1 $17) 41. Ke4 Kc4 (41... Kb6 $2 42. Ra8 $17) 42. Rxc7 c5 {Black mates.} 43. Rc8 Rh3 44. Ra8 Kb4 45. Rb8+ {[#]} Kc3 $1 46. Ra8 Rh4+ 47. Ke3 c4 48. Rd8 Rh3+ 49. Ke2 Rd3 50. Rc8 Rd7 51. Rc6 Kb3 52. Rb6+ Kc2 53. Rb8 Re7+ 54. Kf2 c3 {[%cal Bc4c3,Bc3c2][%mdl 32]} 55. Kf1 Kd2 56. Rd8+ Kc1 57. Rb8 c2 58. Kf2 Re5 59. Rb7 Kd2 {Accuracy: White = 33%, Black = 71%.} 0-1

[Event "Sydney Open 2019"]
[Site "Sydney"]
[Date "2019.04.24"]
[Round "2.6"]
[White "McClymont, Brodie"]
[Black "Winkelman, Albert"]
[Result "1-0"]
[WhiteElo "2360"]
[BlackElo "2212"]
[Annotator "ChessBase"]
[PlyCount "105"]
[EventDate "2019.04.24"]
[EventType "swiss"]
[EventCountry "AUS"]
[SourceTitle "playchess.com"]
[Source "ChessBase"]
[SourceQuality "1"]
[TimeControl "5400+30"]

1. e4 c5 2. Nf3 Nc6 3. d4 cxd4 4. Nxd4 g6 5. Nc3 Bg7 6. Be3 Nf6 7. Bc4 Qa5 8. O-O {[%emt 1:34:00]} O-O {[%emt 1:34:00]} 9. Bb3 {[%emt 0:00:30]} d6 {[%emt 0:00:30]} 10. h3 Bd7 {[%emt 0:00:30]} 11. Re1 Rac8 12. Nd5 Nxd5 13. exd5 Ne5 14. Qe2 Qc7 15. c3 Rfe8 16. a4 Nc4 17. Nb5 Bxb5 18. axb5 Nxe3 19. Qxe3 b6 20. Ra4 Qd7 21. Qe2 Rc5 22. Re4 Bf6 23. c4 Kf8 24. Bd1 e5 25. h4 Bg7 26. h5 f5 27. Rh4 Rcc8 28. hxg6 hxg6 29. g4 Qe7 30. Rh2 Qg5 31. Rg2 f4 32. Bc2 Kf7 33. Ra1 Rc7 34. Rh2 f3 35. Qxf3+ Qf4 36. Qe4 Qxe4 37. Bxe4 Rh8 38. Rxh8 Bxh8 39. g5 Bg7 40. b3 Bf8 41. Kg2 Be7 42. Rh1 Kg8 43. Rh6 Bxg5 44. Rxg6+ Rg7 45. Re6 Be7+ 46. Bg6 Bf8 47. Kf3 a6 48. bxa6 Ra7 49. Bd3 Rxa6 50. c5 Ra3 51. cxd6 Ra7 52. Bb5 Kf7 53. Be8+ 1-0

[Event "Sydney Open 2019"]
[Site "Sydney"]
[Date "2019.04.25"]
[Round "3.1"]
[White "McClymont, Brodie"]
[Black "Kunte, Abhijit"]
[Result "1/2-1/2"]
[WhiteElo "2360"]
[BlackElo "2485"]
[Annotator "TA"]
[PlyCount "60"]
[EventDate "2019.04.24"]
[EventType "swiss"]
[EventCountry "AUS"]
[SourceTitle "playchess.com"]
[Source "ChessBase"]
[SourceQuality "1"]

{[%evp 30,60,35,22,12,0,0,-13,-23,-12,-8,-18,-17,-9,-19,-20,19,0,25,0,18,0,0,0,40,39,63,65,47,49,87,49,52]} 1. e4 e5 2. Nf3 Nc6 3. Bb5 a6 4. Ba4 Nf6 5. O-O Be7 6. Re1 b5 7. Bb3 d6 8. c3 O-O 9. h3 Nb8 10. d4 Nbd7 11. Nbd2 Bb7 12. Bc2 Re8 13. Nf1 Bf8 14. Ng3 g6 15. a4 Bg7 16. d5 Qb8 {C95: Closed Ruy Lopez: Breyer Variation with 10 d4} 17. b3 c6 {[%cal Rc6d5]} 18. c4 bxc4 {The position is equal.} 19. bxc4 a5 20. Rb1 {[#] Threatens to win with dxc6.} (20. Ba3 Bf8 21. Ne2 Qc7 22. Nc3 Ba6 23. Bb3 Nc5 24. Bxc5 dxc5 {½-½ (45) Shirov,A (2741)-Roiz,M (2680) Cala Mayor 2008}) 20... Qc7 21. Ba3 Bf8 22. Nf1 $146 {[%cal Bg3f1,Bf1e3,Be3d5][%mdl 32]} ({Predecessor:} 22. Re3 Ba6 23. Reb3 c5 24. Bd3 {0-1 (46) Kesidis,O (2244)-Karpenko,A (2370) Moscow 2018}) 22... Nc5 23. N3d2 $36 {[%mdl 2048] White has some pressure.} Ba6 24. Ne3 Nfd7 25. dxc6 Qxc6 26. Nd5 Rab8 27. Rb5 Bxb5 28. cxb5 Qc8 $1 29. Nc4 {[%mdl 1024] White has compensation.} Qd8 30. Qd2 Nb7 $1 {Accuracy: White = 35%, Black = 51%.} 1/2-1/2

[Event "Sydney Open 2019"]
[Site "Sydney"]
[Date "2019.04.25"]
[Round "3.2"]
[White "Wagdy, Andro"]
[Black "Fernandez, Daniel Howard"]
[Result "0-1"]
[WhiteElo "2308"]
[BlackElo "2467"]
[Annotator "TA"]
[PlyCount "72"]
[EventDate "2019.04.24"]
[EventType "swiss"]
[EventCountry "AUS"]
[SourceTitle "playchess.com"]
[Source "ChessBase"]
[SourceQuality "1"]

{[%evp 12,72,12,-2,20,12,17,8,2,8,23,19,25,20,18,15,35,19,15,15,17,20,16,14,15,0,0,12,20,9,26,16,15,22,15,28,27,18,23,31,31,7,33,20,22,-6,-6,-6,-6,-6,-4,-6,-6,-8,-5,-4,-4,-171,-171,-158,-170,-1560,-1483]} 1. Nf3 d5 2. g3 Nf6 3. Bg2 g6 4. b3 Bg7 5. Bb2 c6 6. O-O O-O 7. d3 Bg4 {A07: Réti Opening: New York and Capablanca Systems} 8. Nbd2 Nbd7 9. h3 Bxf3 $1 {The position is equal.} 10. Nxf3 Ne8 (10... Re8 11. d4 a5 12. a4 Ne4 13. e3 e6 14. c4 Ndc5 15. Ne5 {1-0 (38) Nakamura,H (2780)-Topalov,V (2749) Saint Louis 2017}) 11. Bxg7 Kxg7 12. c4 $146 ({Predecessor:} 12. d4 Nd6 13. Rc1 Qa5 14. Qd3 {½-½ (43) Sanglan,P (2090)-Payen,A (2390) Avoine 2006}) 12... a5 13. Qc2 e6 14. Rab1 Qe7 15. Qb2+ Qf6 16. d4 Nd6 17. Nd2 a4 18. e3 axb3 19. axb3 h5 20. Rfd1 Nf5 21. b4 Ra7 22. Ra1 Rfa8 23. Rxa7 Rxa7 24. Ra1 Rxa1+ 25. Qxa1 Qe7 26. Qa5 b6 27. Qa4 Nf6 28. b5 c5 29. cxd5 exd5 {[#] White must now prevent ...cxd4.} 30. dxc5 Qxc5 {White should prevent ...Nxe3!} 31. Qb3 d4 $36 {[%cal Rd4e3][%mdl 2048] Black has good play.} 32. Qc4 Qa3 33. exd4 Qa1+ 34. Kh2 $2 (34. Bf1 $11 {and White is okay.}) 34... Qe1 $19 {[%mdl 64] Double Attack} ({And not} 34... Qxd4 35. Qxd4 Nxd4 36. Nc4 $11) ({Weaker is} 34... Nxd4 35. Nf3 $11) 35. Qd3 Qxf2 {aiming for ...Ne3.} 36. d5 $2 {[#]} (36. Nf1) 36... Ne3 $1 {[%mdl 512] Accuracy: White = 46%, Black = 57%.} 0-1

[Event "Sydney Open 2019"]
[Site "Sydney"]
[Date "2019.04.25"]
[Round "3.3"]
[White "Clarke, Matthew"]
[Black "Ikeda, Junta"]
[Result "1/2-1/2"]
[WhiteElo "2113"]
[BlackElo "2441"]
[Annotator "TA"]
[PlyCount "98"]
[EventDate "2019.04.24"]
[EventType "swiss"]
[EventCountry "AUS"]
[SourceTitle "playchess.com"]
[Source "ChessBase"]
[SourceQuality "1"]

{[%evp 12,98,29,-1,25,20,25,6,10,20,9,0,0,0,0,-7,-3,-6,0,-15,-12,-16,0,-68,-77,-91,-81,-92,-88,-93,-85,-91,-90,-86,-40,-82,-81,-119,-75,-83,-70,-78,-62,-62,-62,-113,-64,-208,-10,-10,-23,-27,-2,-8,0,-8,0,0,0,-23,0,0,0,0,0,0,0,0,0,0,0,0,0,0,31,0,118,0,0,0,7,0,0,0,27,0,0,0,20]} 1. d4 f5 2. c4 Nf6 3. Nf3 g6 4. g3 Bg7 5. Bg2 O-O 6. O-O d6 7. Qc2 Ne4 {A87: Dutch Defence: Leningrad System: 5 Nf3} 8. Nbd2 (8. Nc3 Nxc3 9. Qxc3 Nc6 10. Rd1 Qe8 11. Qb3 e5 12. c5+ Kh8 13. d5 Nd8 14. Qa3 {0-1 (33) Svidler,P (2737)-Firouzja,A (2607) St Petersburg 2018}) 8... Nxd2 9. Bxd2 e5 10. dxe5 dxe5 11. Rad1 Qe7 12. Bc3 Nc6 13. b3 a5 $146 ({Predecessor:} 13... Be6 14. Qb2 e4 15. Bxg7 Qxg7 16. Qxg7+ Kxg7 17. Ng5 Rae8 18. Nxe6+ Rxe6 19. Rd7+ {0-1 (53) Santana Rodriguez,J (1693)-Menvielle Laccourreye,A (2150) Las Palmas 2013}) 14. Qb2 Re8 15. e4 f4 16. gxf4 exf4 17. Bxg7 ({White should try} 17. e5 $11) 17... Qxg7 $15 18. Qxg7+ Kxg7 19. Nd4 Ne5 20. f3 Bd7 21. a4 Kf6 22. Rd2 Bc6 23. Rfd1 ({Much weaker is} 23. Nxc6 bxc6 24. Rb1 Rad8 $17) 23... Rad8 24. Kf2 g5 25. Nb5 Rxd2+ 26. Rxd2 Bxb5 27. cxb5 $17 {[%mdl 4096] Endgame KRB-KRN} h5 28. h3 (28. Bf1 $1 $15) 28... Re6 29. Rd5 {[#]} (29. Rd8 $15) 29... c6 $2 (29... Rd6 $1 $19 30. Rxd6+ cxd6) 30. bxc6 $11 Rxc6 31. Rxa5 Rc2+ 32. Kg1 Rc1+ 33. Kf2 Rc2+ 34. Kg1 Rc1+ 35. Kf2 Nd3+ 36. Ke2 Ne1 37. Kf2 Nd3+ 38. Ke2 Nb4 39. Rb5 Rc2+ 40. Kf1 Nd3 41. Rf5+ Kg6 42. Rb5 Rc1+ 43. Ke2 {[#] Black must now prevent Rb6+.} Ne1 (43... Nb2 $11) 44. Kf2 (44. Kd2 $16 Ra1 45. Rb6+ Kf7 46. Bh1 (46. Rxb7+ Ke6 $16)) 44... Nd3+ $1 45. Ke2 {Strongly threatening Rb6+.} Nc5 46. a5 Rc2+ 47. Kf1 Rc1+ 48. Ke2 Rc2+ 49. Kf1 {And now Rb6+ would win.} Rc1+ {Accuracy: White = 26%, Black = 54%.} 1/2-1/2